Ética
Tratado teológico de ética concebido a partir de su carácter práctico, el cual imprime mediante el estilo de la autobiografía una testificación del drama de la vida cotidiana del autor. El texto tiene el objetivo de conciliar armónicamente las tensiones entre Dios y el mundo. En este sentido, desarr...
Bewaard in:
| Hoofdauteur: | |
|---|---|
| Formaat: | Boek |
| Taal: | Undetermined |
| Gepubliceerd in: |
Barcelona, España
Editorial Estela
1968
|
| Onderwerpen: | |
| Tags: |
Voeg label toe
Geen labels, Wees de eerste die dit record labelt!
|
MARC
| LEADER | 00000nam a2200000Ia 4500 | ||
|---|---|---|---|
| 008 | 170316s9999 xx 000 0 und d | ||
| 040 | |a cru BVZT | ||
| 090 | |a 100 B-49.1e | ||
| 100 | |a Bonhoeffer, D. |9 1297 | ||
| 245 | |a Ética |c / D. Bonhoeffer | ||
| 260 | |a Barcelona, España |b Editorial Estela |c 1968 | ||
| 300 | |a 283 páginas | ||
| 520 | |a Tratado teológico de ética concebido a partir de su carácter práctico, el cual imprime mediante el estilo de la autobiografía una testificación del drama de la vida cotidiana del autor. El texto tiene el objetivo de conciliar armónicamente las tensiones entre Dios y el mundo. En este sentido, desarrolla los problemas de la relación entre Cristo, la realidad, el bien, la Iglesia y el mundo. Asimismo, se ocupa de la herencia, la corrupción, la culpa, la vida natural, entre otras cuestiones | ||
| 650 | |a FILOSOFÍA |9 5 | ||
| 650 | |a BONHOEFFER - VIDA |9 1298 | ||
| 650 | |a BIOGRAFÍA |9 710 | ||
| 650 | |a BONHOEFFER - OBRA |9 1299 | ||
| 999 | |c 15746 |d 15746 | ||
| 942 | |c 15 D |h 100 B-49.1e |2 z | ||
